ბათუმის შოთა რუსთაველის სახელმწიფო უნივერსიტეტის ბიბლიოთეკა

Казусы(Международно-правовые из практики стран Америки XX века) (ბიბ.ჩანაწერი № 35796)

000 -LEADER
fixed length control field 00705nam a2200205Ia 4500
001 - CONTROL NUMBER
control field 1680
003 - CONTROL NUMBER IDENTIFIER
control field GE_BSU
008 - FIXED-LENGTH DATA ELEMENTS--GENERAL INFORMATION
fixed length control field 181216s||||||||xx |||||||||||||| ||und||
020 ## - INTERNATIONAL STANDARD BOOK NUMBER
International Standard Book Number 5841100750
040 ## - CATALOGING SOURCE
Transcribing agency GE_BSU
100 ## - MAIN ENTRY--PERSONAL NAME
Personal name Лазарев,М.И. Абашидзе,А.Х
245 ## - TITLE STATEMENT
Title Казусы(Международно-правовые из практики стран Америки XX века)
260 ## - PUBLICATION, DISTRIBUTION, ETC.
Place of publication, distribution, etc. Москва
260 ## - PUBLICATION, DISTRIBUTION, ETC.
Name of publisher, distributor, etc. Современная экономика и право
260 ## - PUBLICATION, DISTRIBUTION, ETC.
Date of publication, distribution, etc. 2001
300 ## - PHYSICAL DESCRIPTION
Extent 159стр. 19см.
653 ## - INDEX TERM--UNCONTROLLED
Uncontrolled term Казусы(Международно-правовые из практики стран Америки
942 ## - ADDED ENTRY ELEMENTS (KOHA)
Koha item type წიგნი
ეგზემპლარები
Withdrawn status Lost status Damaged status Not for loan Date acquired Barcode Date last seen Price effective from Koha item type Public note
        2018-12-17 3247 2018-12-17 2018-12-17 წიგნი დარბაზი